Statistiques concernant Reliez le film à son personnage principal

Cliquez ici pour prendre le quiz!

Statistiques générales

  • Ce quiz a été pris 683 fois
  • Le résultat moyen est 12 sur 18

Statistiques - réponses

HintRéponse% Correct
Les visiteursGodefroy de Montmirail
91%
Retour vers le futurMarty McFly
89%
Les bronzésJean-Claude Dusse
85%
Hunger GamesKatniss Everdeen
81%
Le silence des agneauxHannibal Lecter
77%
ScarfaceTony Montana
77%
MatrixNeo
75%
Les choristesPierre Morhange
72%
Le ParrainVito Corleone
72%
Un indien dans la villeMimi-Siku
67%
La soupe aux chouxClaude Ratinier
65%
TerminatorSarah Connor
65%
AvatarJake Sully
63%
AlienEllen Ripley
58%
Autant en emporte le ventScarlett O'Hara
49%
Blade RunnerRick Deckard
39%
Taxi driverTravis Bickle
38%
La vie est belleGeorge Bailey
25%

Distribution des résultats

Percentile par nombre de réponses

% des personnes avec chaque résultat

Votre développement - résultats

Vous n’avez pas pris ce quiz